[Event "18. Open de Sants Hostafrancs 2016"]
[Site "Barcelona ESP"]
[Date "2016.08.19"]
[Round "1.29"]
[White "Smith, Matthieu"]
[Black "Alvarez Pedraza, Aramis"]
[Result "0-1"]
[WhiteElo "2108"]
[BlackElo "2483"]
[PlyCount "100"]
[EventDate "2016.08.19"]
[EventType "swiss"]
[EventRounds "10"]
[EventCountry "ESP"]
[SourceTitle "Ajedrez en Madrid"]
[Source "lmi"]
[SourceDate "2016.08.19"]

1. d4 Nf6 2. c4 c5 3. Nf3 cxd4 4. Nxd4 b6 5. Nc3 Bb7 6. f3 g6 7. e4 Bg7 8. Be3
O-O 9. Be2 d6 10. O-O Nbd7 11. Qd2 Re8 12. Ndb5 a6 13. Na3 Rc8 14. Rac1 Ne5 15.
Nd5 Nfd7 16. Rfd1 Nc6 17. Bf1 e6 18. Nc3 Bf8 19. Nc2 Nce5 20. b3 f5 21. Bg5 Qc7
22. exf5 gxf5 23. Bh6 Bxf3 24. Bxf8 Nxf8 25. Re1 Bb7 26. Qg5+ Nfg6 27. Nd4 Qc5
28. Red1 Qc7 29. h4 Qd8 30. Qxd8 Rcxd8 31. Na4 Nxh4 32. Nxb6 Kf7 33. Ne2 Rg8
34. Nf4 Rg4 35. Nd3 Nxd3 36. Rxd3 Nxg2 37. Bxg2 Rxg2+ 38. Kf1 Rdg8 39. Rcd1
Rg1+ 40. Kf2 R8g2+ 41. Ke3 Rg3+ 42. Kf2 R3g2+ 43. Ke3 e5 44. Nd5 Bxd5 45. Rxd5
Rxd1 46. Rxd1 Ke6 47. Rh1 Rxa2 48. Rxh7 Ra3 49. Rb7 a5 50. Ke2 a4 0-1

[Event "18. Open de Sants Hostafrancs 2016"]
[Site "Barcelona ESP"]
[Date "2016.08.19"]
[Round "1.30"]
[White "Cuartas, Jaime Alexander"]
[Black "Garcia Acosta, Roger"]
[Result "1-0"]
[WhiteElo "2481"]
[BlackElo "2104"]
[PlyCount "35"]
[EventDate "2016.08.19"]
[EventType "swiss"]
[EventRounds "10"]
[EventCountry "ESP"]
[SourceTitle "Ajedrez en Madrid"]
[Source "lmi"]
[SourceDate "2016.08.19"]

1. e4 e5 2. Nf3 Nc6 3. Bb5 a6 4. Ba4 Nf6 5. O-O Be7 6. d4 Nxd4 7. Nxd4 exd4 8.
e5 Nd5 9. Bb3 Nb6 10. Qg4 Kf8 11. Qf4 Qe8 12. Qxd4 d6 13. exd6 Bxd6 14. Bf4 Qe7
15. Nc3 Bf5 16. Rfe1 Qd7 17. Rad1 Nc8 18. Nd5 1-0

[Event "18. Open de Sants Hostafrancs 2016"]
[Site "Barcelona ESP"]
[Date "2016.08.19"]
[Round "1.31"]
[White "Villar Reymundo, Juan Antonio"]
[Black "Gonzalez Acosta, Bernal"]
[Result "0-1"]
[WhiteElo "2102"]
[BlackElo "2478"]
[PlyCount "126"]
[EventDate "2016.08.19"]
[EventType "swiss"]
[EventRounds "10"]
[EventCountry "ESP"]
[SourceTitle "Ajedrez en Madrid"]
[Source "lmi"]
[SourceDate "2016.08.19"]

1. d4 f5 2. g3 Nf6 3. Bg2 g6 4. c4 Bg7 5. Nf3 O-O 6. O-O d6 7. Nc3 c6 8. Qc2
Qc7 9. b3 e5 10. dxe5 dxe5 11. Ba3 Rd8 12. Rad1 e4 13. Ng5 h6 14. Nh3 Be6 15.
f3 exf3 16. exf3 Rxd1 17. Rxd1 Nbd7 18. Nf4 Bf7 19. Nd3 Re8 20. Kh1 Nf8 21. Ne2
Ne6 22. Bb2 Qe7 23. Qc1 Nd7 24. Bxg7 Kxg7 25. Qc3+ Qf6 26. Kg1 Nec5 27. Qxf6+
Kxf6 28. Kf2 a5 29. Nc3 Nxd3+ 30. Rxd3 Nc5 31. Rd4 g5 32. Bf1 Ke7 33. Ke1 Bg6
34. Kf2 f4 35. Rd1 Rf8 36. g4 Rh8 37. Re1+ Kd6 38. Rd1+ Kc7 39. h3 Rh7 40. Re1
Rd7 41. Rd1 Rxd1 42. Nxd1 Kd6 43. Ke1 Nd7 44. Kd2 Ne5 45. Be2 Kc5 46. Kc3 b5
47. a3 b4+ 48. axb4+ axb4+ 49. Kd2 Kd4 50. Nf2 Bb1 51. Nd1 c5 52. Nf2 Bh7 53.
Bd1 Nf7 54. Be2 Bg6 55. Nd1 Ne5 56. Nf2 Be8 57. h4 gxh4 58. Nh3 Bc6 59. Nxf4
Nxf3+ 60. Bxf3 Bxf3 61. Ne6+ Ke5 62. Nxc5 h3 63. Nd3+ Kd4 0-1

[Event "18. Open de Sants Hostafrancs 2016"]
[Site "Barcelona ESP"]
[Date "2016.08.19"]
[Round "1.33"]
[White "Peer, Michael"]
[Black "Ducarmon, Quinten"]
[Result "1-0"]
[WhiteElo "2099"]
[BlackElo "2467"]
[PlyCount "195"]
[EventDate "2016.08.19"]
[EventType "swiss"]
[EventRounds "10"]
[EventCountry "ESP"]
[SourceTitle "Ajedrez en Madrid"]
[Source "lmi"]
[SourceDate "2016.08.19"]

1. e4 c6 2. d4 d5 3. exd5 cxd5 4. Nf3 Nc6 5. h3 Bf5 6. Bd3 Bg6 7. O-O e6 8. Re1
Bd6 9. Nc3 Nge7 10. Nb5 Bb8 11. c3 a6 12. Na3 Bd6 13. Nc2 Bxd3 14. Qxd3 Ng6 15.
g3 Qc7 16. Kg2 O-O-O 17. h4 h5 18. Ng5 Kb8 19. Nxe6 Nxh4+ 20. gxh4 fxe6 21.
Rxe6 Rdf8 22. Bg5 Rxf2+ 23. Kxf2 Qf7+ 24. Ke2 Qxe6+ 25. Kd2 Qg4 26. Rf1 Re8 27.
Ne3 Qg3 28. Qf5 Qh2+ 29. Rf2 Qg1 30. Rf1 Qh2+ 31. Qf2 Qh3 32. Qf3 Qh2+ 33. Qg2
Qxg2+ 34. Nxg2 Be7 35. Bxe7 Rxe7 36. Rf5 Re4 37. Rxh5 Ne7 38. Rg5 g6 39. Kd3
Re6 40. Nf4 Rd6 41. Re5 Rf6 42. Nxd5 Nxd5 43. Rxd5 Rf4 44. h5 gxh5 45. Rxh5 Rf2
46. b3 Rxa2 47. Kc4 Rg2 48. d5 Rg7 49. Kc5 Kc7 50. Rh6 Rg3 51. Kb4 a5+ 52. Kc4
Rf3 53. Re6 Rh3 54. Re7+ Kb6 55. Re6+ Kc7 56. Kd4 Rg3 57. Re3 Rg4+ 58. Kc5 a4
59. Re7+ Kc8 60. bxa4 Rxa4 61. Kb5 Rh4 62. c4 Rh6 63. Rg7 Rf6 64. c5 Rf1 65.
Kc4 Rf4+ 66. Kd3 Rf1 67. Kd4 Re1 68. Rg3 Kd7 69. Re3 Rc1 70. Rb3 Rd1+ 71. Kc4
Kc8 72. d6 Rc1+ 73. Kb5 Kd7 74. Kb6 Rc2 75. Rb5 Kc8 76. Rb4 Kd7 77. Rh4 Rb2+
78. Ka7 Rb5 79. Rh7+ Kc8 80. Rc7+ Kd8 81. Kb8 Rb2 82. Rxb7 Rc2 83. Rb5 Rc1 84.
Kb7 Kd7 85. Kb6 Rc3 86. Rb4 Rc2 87. Kb5 Rc1 88. Rb3 Rc2 89. Rh3 Rb2+ 90. Kc4
Kc6 91. Rd3 Rb7 92. Rb3 Rh7 93. Rb6+ Kd7 94. Rb7+ Kc6 95. Rb6+ Kd7 96. Kb5 Rh5
97. Rb7+ Ke6 98. Rg7 1-0

[Event "18. Open de Sants Hostafrancs 2016"]
[Site "Barcelona ESP"]
[Date "2016.08.19"]
[Round "1.34"]
[White "Barrientos, Sergio E"]
[Black "Fernandez Madrid, Carlos"]
[Result "1-0"]
[WhiteElo "2466"]
[BlackElo "2096"]
[PlyCount "55"]
[EventDate "2016.08.19"]
[EventType "swiss"]
[EventRounds "10"]
[EventCountry "ESP"]
[SourceTitle "Ajedrez en Madrid"]
[Source "lmi"]
[SourceDate "2016.08.19"]

1. d4 d6 2. e4 Nf6 3. Nc3 g6 4. g3 Bg7 5. Bg2 O-O 6. Nge2 Nc6 7. h3 e5 8. Be3
Bd7 9. Qd2 exd4 10. Nxd4 Re8 11. O-O Ne5 12. Qe2 a6 13. Rad1 Qc8 14. f4 Nc6 15.
Kh2 Nxd4 16. Bxd4 c5 17. Bxf6 Bxf6 18. Rxd6 Bxc3 19. bxc3 Bb5 20. c4 Qc7 21.
Rfd1 Ba4 22. e5 Rad8 23. Rf6 Rxd1 24. Qxd1 Rd8 25. Bd5 Kh8 26. Qe1 Be8 27. e6
fxe6 28. Rxe6 1-0

[Event "18. Open de Sants Hostafrancs 2016"]
[Site "Barcelona ESP"]
[Date "2016.08.19"]
[Round "1.35"]
[White "Munoz Avila, Jose Luis"]
[Black "Petrosyan, Tigran S"]
[Result "0-1"]
[WhiteElo "2096"]
[BlackElo "2462"]
[PlyCount "88"]
[EventDate "2016.08.19"]
[EventType "swiss"]
[EventRounds "10"]
[EventCountry "ESP"]
[SourceTitle "Ajedrez en Madrid"]
[Source "lmi"]
[SourceDate "2016.08.19"]

1. Nf3 c5 2. c4 Nc6 3. d4 cxd4 4. Nxd4 Nf6 5. Nc3 e6 6. g3 Qb6 7. Nc2 Ne5 8.
Bg2 Nxc4 9. O-O Be7 10. b3 Na5 11. Na4 Qd8 12. e4 Nc6 13. Bb2 d6 14. Ne3 O-O
15. Qe2 Bd7 16. Rfd1 Qc7 17. Rac1 Rfd8 18. Nc3 Qb8 19. Ba3 Be8 20. f4 a6 21.
Ned5 exd5 22. exd5 Bf8 23. dxc6 bxc6 24. Ne4 Nxe4 25. Bxe4 Qb6+ 26. Kg2 g6 27.
Bb2 Bg7 28. Bxg7 Kxg7 29. f5 d5 30. Bb1 Rac8 31. Rf1 c5 32. Qe5+ f6 33. Qe7+
Bf7 34. fxg6 hxg6 35. Rce1 Re8 36. Qd7 Qc6 37. Qg4 Rxe1 38. Rxe1 Re8 39. Rxe8
Qxe8 40. Qf3 Qe1 41. Bd3 c4 42. bxc4 dxc4 43. Bc2 Qd2+ 44. Qf2 Bd5+ 0-1

[Event "18. Open de Sants Hostafrancs 2016"]
[Site "Barcelona ESP"]
[Date "2016.08.19"]
[Round "1.36"]
[White "Satyapragyan, Swayangsu"]
[Black "Gurrutxaga Telleria, Jose Luis"]
[Result "1-0"]
[WhiteElo "2462"]
[BlackElo "2095"]
[PlyCount "61"]
[EventDate "2016.08.19"]
[EventType "swiss"]
[EventRounds "10"]
[EventCountry "ESP"]
[SourceTitle "Ajedrez en Madrid"]
[Source "lmi"]
[SourceDate "2016.08.19"]

1. e4 c5 2. Nc3 Nc6 3. Nge2 Nf6 4. d4 cxd4 5. Nxd4 d6 6. Bg5 e6 7. Qd2 a6 8.
O-O-O Bd7 9. f4 b5 10. Bxf6 gxf6 11. Nxc6 Bxc6 12. Qe1 Qe7 13. Bd3 b4 14. Ne2
h5 15. Nd4 Bb7 16. Kb1 Rg8 17. g3 d5 18. exd5 Bxd5 19. Be4 O-O-O 20. Qe2 Qb7
21. Bxd5 exd5 22. Qxh5 Bc5 23. Qf5+ Rd7 24. Nb3 Bb6 25. Rhe1 Kb8 26. Rd3 Rc8
27. Red1 d4 28. R3d2 a5 29. Nxa5 Rc5 30. Qxc5 Bxc5 31. Nxb7 1-0

[Event "18. Open de Sants Hostafrancs 2016"]
[Site "Barcelona ESP"]
[Date "2016.08.19"]
[Round "1.37"]
[White "Pozanco Romasanta, Marc"]
[Black "Debashis, Das"]
[Result "0-1"]
[WhiteElo "2087"]
[BlackElo "2459"]
[PlyCount "82"]
[EventDate "2016.08.19"]
[EventType "swiss"]
[EventRounds "10"]
[EventCountry "ESP"]
[SourceTitle "Ajedrez en Madrid"]
[Source "lmi"]
[SourceDate "2016.08.19"]

1. d4 Nf6 2. c4 e6 3. Nc3 Bb4 4. e3 O-O 5. Bd3 d5 6. Nf3 b6 7. cxd5 exd5 8. O-O
Bg4 9. Qb3 Bxc3 10. bxc3 Bxf3 11. gxf3 c5 12. Qd1 Re8 13. Kh1 Nc6 14. Rg1 Rc8
15. Rb1 Na5 16. Qf1 g6 17. Qg2 cxd4 18. cxd4 Nc4 19. Bb2 Nxb2 20. Rxb2 Rc3 21.
Bc2 Qc8 22. Ba4 Re7 23. Qg5 Kg7 24. Bb3 b5 25. Qf4 a5 26. Bd1 b4 27. Ba4 Qh3
28. Qg3 Qf5 29. Kg2 Rec7 30. Re2 Rc1 31. Ree1 Rxe1 32. Rxe1 Rc3 33. Bb3 Qd7 34.
Qb8 h5 35. Qb6 h4 36. Qxa5 h3+ 37. Kf1 Qf5 38. Qxb4 Qxf3 39. Bd1 Qg2+ 40. Ke2
Ne4 41. Rf1 Rc1 0-1

[Event "18. Open de Sants Hostafrancs 2016"]
[Site "Barcelona ESP"]
[Date "2016.08.19"]
[Round "1.38"]
[White "Wan, Yunguo"]
[Black "Yapar, Nedim"]
[Result "1-0"]
[WhiteElo "2458"]
[BlackElo "2085"]
[PlyCount "83"]
[EventDate "2016.08.19"]
[EventType "swiss"]
[EventRounds "10"]
[EventCountry "ESP"]
[SourceTitle "Ajedrez en Madrid"]
[Source "lmi"]
[SourceDate "2016.08.19"]

1. e4 c5 2. Nf3 g6 3. h4 h6 4. d4 cxd4 5. h5 g5 6. Nxd4 Nc6 7. Nc3 d6 8. Be3
Nf6 9. Be2 Qa5 10. Qd2 Bg7 11. O-O-O Ng4 12. Bxg4 Bxg4 13. f3 Bd7 14. Kb1 Rc8
15. g3 Ne5 16. Qf2 Nc4 17. Nb3 Qa6 18. Bd4 Bxd4 19. Qxd4 f6 20. Nd5 Kf7 21. f4
Rhg8 22. Rhg1 Nb6 23. Qf2 gxf4 24. gxf4 Nxd5 25. exd5 Qc4 26. Rge1 Bf5 27. Rd2
Rg4 28. Nd4 Qxd5 29. Nxf5 Qxf5 30. Qxa7 Rxf4 31. Qxb7 Re8 32. Rde2 Qxh5 33.
Rxe7+ Rxe7 34. Qxe7+ Kg6 35. Qe6 Qc5 36. a4 h5 37. Qg8+ Kf5 38. Qh7+ Kg5 39.
Qg7+ Kf5 40. Qh6 Rh4 41. Rf1+ Kg4 42. Qf4+ 1-0

[Event "18. Open de Sants Hostafrancs 2016"]
[Site "Barcelona ESP"]
[Date "2016.08.19"]
[Round "1.39"]
[White "Bohigas Santasusagna, Lluis"]
[Black "Admiraal, Miguoel"]
[Result "0-1"]
[WhiteElo "2084"]
[BlackElo "2458"]
[PlyCount "156"]
[EventDate "2016.08.19"]
[EventType "swiss"]
[EventRounds "10"]
[EventCountry "ESP"]
[SourceTitle "Ajedrez en Madrid"]
[Source "lmi"]
[SourceDate "2016.08.19"]

1. e4 c5 2. c3 d5 3. exd5 Qxd5 4. d4 g6 5. dxc5 Qxc5 6. Be3 Qc7 7. Na3 a6 8.
Bc4 Nd7 9. Nf3 e6 10. Qd4 Ngf6 11. Bf4 Qc6 12. Ne5 Qe4+ 13. Qxe4 Nxe4 14. Nc2
Bg7 15. Nxd7 Bxd7 16. f3 Nc5 17. O-O-O Rc8 18. Rhe1 Na4 19. Bb3 Nb6 20. Bd6 Nc4
21. Bxc4 Rxc4 22. Ne3 Rc6 23. Ng4 f6 24. f4 Kf7 25. Bb4 Bc8 26. Nf2 Bf8 27. a3
Bxb4 28. axb4 Ke7 29. Ne4 b6 30. g4 h6 31. h4 Rc7 32. Rd4 Bb7 33. Nd2 Rd7 34.
Rxd7+ Kxd7 35. Nc4 b5 36. Nd2 Bd5 37. Ne4 Bxe4 38. Rxe4 f5 39. gxf5 gxf5 40.
Rd4+ Ke7 41. c4 bxc4 42. Rxc4 Kd6 43. Rc5 Rb8 44. Ra5 Rxb4 45. Rxa6+ Kd5 46.
Ra5+ Kd6 47. Ra6+ Ke7 48. Ra7+ Kf6 49. Rh7 Kg6 50. Re7 Rb6 51. Kc2 Kh5 52. Rh7
Kxh4 53. Rxh6+ Kg4 54. Kc3 Kxf4 55. b4 Kg5 56. Rh8 e5 57. Kc4 e4 58. Kc5 Rb7
59. b5 e3 60. Re8 f4 61. Kc6 Rh7 62. b6 Rh1 63. b7 Rb1 64. Re5+ Kg4 65. Rb5
Rxb5 66. Kxb5 e2 67. b8=Q e1=Q 68. Kc4 f3 69. Qg8+ Kh3 70. Qc8+ Kg2 71. Qg4+
Qg3 72. Qe4 Kg1 73. Qb1+ Kh2 74. Qh7+ Qh3 75. Qc2+ Kg1 76. Qg6+ Qg2 77. Qb6+ f2
78. Kd3 Kh2 0-1

[Event "18. Open de Sants Hostafrancs 2016"]
[Site "Barcelona ESP"]
[Date "2016.08.19"]
[Round "1.41"]
[White "Galby, Vassili"]
[Black "Sundararajan, Kidambi"]
[Result "0-1"]
[WhiteElo "2076"]
[BlackElo "2442"]
[PlyCount "84"]
[EventDate "2016.08.19"]
[EventType "swiss"]
[EventRounds "10"]
[EventCountry "ESP"]
[SourceTitle "Ajedrez en Madrid"]
[Source "lmi"]
[SourceDate "2016.08.19"]

1. Nf3 e6 2. c4 f5 3. g3 Nf6 4. Bg2 Be7 5. O-O O-O 6. d4 d5 7. b3 Nc6 8. Na3
Ne4 9. Bb2 Bd7 10. Nc2 a5 11. Ne5 Be8 12. e3 a4 13. Nxc6 Bxc6 14. Ba3 Bxa3 15.
Nxa3 Qe7 16. c5 axb3 17. axb3 Ra7 18. Nc2 Rfa8 19. Qe2 Qe8 20. Rxa7 Rxa7 21.
Ra1 Qa8 22. Qe1 Bb5 23. Rxa7 Qxa7 24. Bxe4 dxe4 25. Qb4 Bd3 26. Qa3 Qxa3 27.
Nxa3 Kf7 28. Kg2 g5 29. f4 exf3+ 30. Kxf3 e5 31. Nc4 Be4+ 32. Kf2 exd4 33. exd4
Ke6 34. Ke3 Bd5 35. Nd2 h6 36. h4 f4+ 37. gxf4 gxh4 38. Nf3 h3 39. b4 b5 40.
cxb6 cxb6 41. Nh2 Kf5 42. Nf1 Kg4 0-1

[Event "18. Open de Sants Hostafrancs 2016"]
[Site "Barcelona ESP"]
[Date "2016.08.19"]
[Round "1.42"]
[White "Goh, Wei Ming Kevin"]
[Black "Le Montagner, Yoann"]
[Result "1-0"]
[WhiteElo "2435"]
[BlackElo "2074"]
[PlyCount "59"]
[EventDate "2016.08.19"]
[EventType "swiss"]
[EventRounds "10"]
[EventCountry "ESP"]
[SourceTitle "Ajedrez en Madrid"]
[Source "lmi"]
[SourceDate "2016.08.19"]

1. e4 c5 2. Nf3 d6 3. Nc3 Nf6 4. d4 cxd4 5. Nxd4 g6 6. Be3 Bg7 7. Qd2 Ng4 8.
Bb5+ Bd7 9. Bg5 h6 10. Bh4 Nc6 11. Nb3 a6 12. Be2 O-O 13. f4 b5 14. O-O-O Be6
15. Nd5 Rc8 16. Kb1 h5 17. h3 Nf6 18. Nxf6+ exf6 19. g4 hxg4 20. hxg4 Qb6 21.
Bf3 Rfd8 22. Rh3 a5 23. Rdh1 Nb4 24. Bd1 Rc4 25. f5 Bc8 26. Bxf6 Bxf6 27. Qh6
Bg7 28. f6 Bxf6 29. g5 Bg7 30. Qh8+ 1-0

[Event "18. Open de Sants Hostafrancs 2016"]
[Site "Barcelona ESP"]
[Date "2016.08.19"]
[Round "1.43"]
[White "Schmit, Vincent"]
[Black "Cruz, Jonathan"]
[Result "0-1"]
[WhiteElo "2074"]
[BlackElo "2433"]
[PlyCount "66"]
[EventDate "2016.08.19"]
[EventType "swiss"]
[EventRounds "10"]
[EventCountry "ESP"]
[SourceTitle "Ajedrez en Madrid"]
[Source "lmi"]
[SourceDate "2016.08.19"]

1. e4 e5 2. Nf3 Nc6 3. Bc4 Nf6 4. d4 exd4 5. O-O d6 6. Nxd4 Be7 7. Nc3 O-O 8.
f3 Na5 9. Be2 d5 10. e5 Ne8 11. f4 c5 12. Nf3 d4 13. Ne4 f5 14. Ned2 Be6 15. b4
cxb4 16. Nb3 Qb6 17. Qxd4 Nxb3 18. Qxb6 axb6 19. cxb3 Bc5+ 20. Kh1 Bxb3 21. Nd2
Rxa2 22. Nxb3 Rxe2 23. Nxc5 bxc5 24. Ra5 b6 25. Rb5 Nc7 26. Rxb6 Nd5 27. Rc6
Rc2 28. Rd6 Nc3 29. Be3 b3 30. Bxc5 Ne4 31. Ba3 Nxd6 32. exd6 Ra8 33. Bb4 b2
0-1

[Event "18. Open de Sants Hostafrancs 2016"]
[Site "Barcelona ESP"]
[Date "2016.08.19"]
[Round "1.44"]
[White "Cori T., Deysi"]
[Black "Perez Garcia, Adria"]
[Result "1-0"]
[WhiteElo "2433"]
[BlackElo "2073"]
[PlyCount "99"]
[EventDate "2016.08.19"]
[EventType "swiss"]
[EventRounds "10"]
[EventCountry "ESP"]
[SourceTitle "Ajedrez en Madrid"]
[Source "lmi"]
[SourceDate "2016.08.19"]

1. e4 c6 2. d4 d5 3. exd5 cxd5 4. c3 Nc6 5. Nf3 Bg4 6. h3 Bxf3 7. Qxf3 e6 8.
Bd3 Nf6 9. g4 Bd6 10. Bg5 h6 11. Bf4 Bxf4 12. Qxf4 Qb8 13. Qe3 Qd6 14. Nd2
O-O-O 15. O-O-O Kb8 16. f4 Nd7 17. Nf3 Rhe8 18. Rhe1 Rc8 19. Kb1 Na5 20. Ne5
Nxe5 21. Qxe5 Qxe5 22. Rxe5 Kc7 23. Rde1 Kd6 24. h4 Nc4 25. R5e2 a6 26. f5 b5
27. fxe6 Rxe6 28. Rxe6+ fxe6 29. Rxe6+ Kxe6 30. Bf5+ Kd6 31. Bxc8 a5 32. Ba6
Ne3 33. Bxb5 Nxg4 34. h5 Ne3 35. a4 Ng2 36. Be2 Nf4 37. Bf3 g6 38. hxg6 Nxg6
39. Kc2 Ne7 40. Kd3 Ng8 41. Ke3 Kc6 42. b4 axb4 43. cxb4 Kd6 44. b5 Ne7 45. a5
Nc8 46. b6 Ne7 47. a6 Kc6 48. a7 Kb7 49. Kf4 h5 50. Ke5 1-0

[Event "18. Open de Sants Hostafrancs 2016"]
[Site "Barcelona ESP"]
[Date "2016.08.19"]
[Round "1.45"]
[White "Vazquez Moreno, Josep M"]
[Black "Ortega Amarelle, Mariano"]
[Result "0-1"]
[WhiteElo "2068"]
[BlackElo "2432"]
[PlyCount "116"]
[EventDate "2016.08.19"]
[EventType "swiss"]
[EventRounds "10"]
[EventCountry "ESP"]
[SourceTitle "Ajedrez en Madrid"]
[Source "lmi"]
[SourceDate "2016.08.19"]

1. e4 c5 2. Nf3 e6 3. d4 cxd4 4. Nxd4 a6 5. Bd3 Nf6 6. Nc3 Qc7 7. O-O d6 8. Kh1
g6 9. Qf3 Bg7 10. Bh6 Bxh6 11. Qxf6 Rg8 12. Qh4 Bg7 13. Nde2 h6 14. f4 Qe7 15.
Qf2 Nd7 16. Rad1 Qd8 17. Qf3 Qb6 18. b3 Qc6 19. Nb1 b5 20. Nd2 Bb7 21. b4 Nb6
22. Nb3 Rc8 23. Na5 Qc7 24. Nxb7 Qxb7 25. Qg4 Ke7 26. Rfe1 Nc4 27. Ng1 Bc3 28.
Re2 Nb2 29. Nf3 Kd7 30. e5 d5 31. Qh4 Bxb4 32. Rb1 Nxd3 33. cxd3 Be7 34. Qxh6
Rc3 35. Qh7 Rf8 36. Ng5 Bxg5 37. fxg5 Qc7 38. Qg7 Rc1+ 39. Re1 Rxb1 40. Rxb1
Qc5 41. h3 Qe7 42. Rf1 Kc6 43. d4 Kb6 44. h4 a5 45. h5 gxh5 46. Rf6 Qb4 47.
Rxf7 Qe1+ 48. Kh2 Qh4+ 49. Kg1 Qxd4+ 50. Kh1 Qh4+ 51. Kg1 Qe1+ 52. Kh2 Rxf7 53.
Qxf7 Qxe5+ 54. Kh1 Qxg5 55. Qxe6+ Kc5 56. Qc8+ Kd4 57. Qb8 Qh4+ 58. Kg1 Qe1+
0-1

[Event "18. Open de Sants Hostafrancs 2016"]
[Site "Barcelona ESP"]
[Date "2016.08.19"]
[Round "1.46"]
[White "Ootes, Lars"]
[Black "Garofalo, Pietro"]
[Result "1-0"]
[WhiteElo "2422"]
[BlackElo "2066"]
[PlyCount "73"]
[EventDate "2016.08.19"]
[EventType "swiss"]
[EventRounds "10"]
[EventCountry "ESP"]
[SourceTitle "Ajedrez en Madrid"]
[Source "lmi"]
[SourceDate "2016.08.19"]

1. e4 e6 2. d4 d5 3. Nc3 Bb4 4. e5 c5 5. a3 Bxc3+ 6. bxc3 Qc7 7. Qg4 f5 8. Qg3
Nc6 9. Nf3 Nge7 10. Bd2 O-O 11. Bd3 Bd7 12. Qh3 Qb6 13. O-O cxd4 14. Rfb1 Qc7
15. cxd4 Nc8 16. Kh1 Nb6 17. Rg1 Nc4 18. Bc1 Rae8 19. g4 g6 20. c3 f4 21. Qh6
Bc8 22. Bxf4 Qf7 23. Ng5 Qg7 24. Nh3 Qxh6 25. Bxh6 Rf3 26. Rg3 Rf7 27. Bg5 b5
28. Bf6 Ref8 29. Ng5 Rxf6 30. exf6 Rxf6 31. Bxc4 dxc4 32. Kg1 e5 33. d5 Ne7 34.
Rd1 Bb7 35. d6 Nd5 36. d7 Rf8 37. Ne4 1-0

[Event "18. Open de Sants Hostafrancs 2016"]
[Site "Barcelona ESP"]
[Date "2016.08.19"]
[Round "1.47"]
[White "Unander, Matts"]
[Black "Reshef, Omer"]
[Result "0-1"]
[WhiteElo "2063"]
[BlackElo "2420"]
[PlyCount "84"]
[EventDate "2016.08.19"]
[EventType "swiss"]
[EventRounds "10"]
[EventCountry "ESP"]
[SourceTitle "Ajedrez en Madrid"]
[Source "lmi"]
[SourceDate "2016.08.19"]

1. e4 e5 2. Nf3 Nc6 3. Bb5 a6 4. Ba4 Nf6 5. O-O Nxe4 6. d4 b5 7. Bb3 d5 8. dxe5
Be6 9. Be3 Bc5 10. Bxc5 Nxc5 11. Nd4 Nxe5 12. f4 Nc4 13. f5 Ne3 14. Qf3 Nxf1
15. fxe6 fxe6 16. Qxf1 Qf6 17. Qxf6 gxf6 18. Nd2 Kd7 19. c3 Nd3 20. Rb1 c5 21.
N4f3 c4 22. Bc2 Nc5 23. Rd1 Rab8 24. b4 Nb7 25. a4 Nd6 26. a5 Rbe8 27. Nf1 Nf7
28. Ne3 Reg8 29. Bf5 exf5 30. Rxd5+ Kc7 31. Nd4 Re8 32. Nexf5 Re5 33. Rc5+ Rxc5
34. bxc5 Re8 35. Ng7 Re5 36. Nge6+ Kc8 37. c6 Nd8 38. Nf8 Rd5 39. Kf2 b4 40.
Ke3 bxc3 41. Nd7 Rxd4 42. Nb6+ Kb8 0-1

[Event "18. Open de Sants Hostafrancs 2016"]
[Site "Barcelona ESP"]
[Date "2016.08.19"]
[Round "1.48"]
[White "Mu, Ke"]
[Black "Liu, Manli"]
[Result "0-1"]
[WhiteElo "2419"]
[BlackElo "2062"]
[PlyCount "100"]
[EventDate "2016.08.19"]
[EventType "swiss"]
[EventRounds "10"]
[EventCountry "ESP"]
[SourceTitle "Ajedrez en Madrid"]
[Source "lmi"]
[SourceDate "2016.08.19"]

1. b3 e5 2. Bb2 Nc6 3. e3 Nf6 4. c4 d5 5. cxd5 Nxd5 6. a3 Qd6 7. Qc2 Bd7 8. Nf3
f6 9. b4 a6 10. Nc3 Nxc3 11. Bxc3 g6 12. Rc1 Bf5 13. Qb3 Be6 14. Qb2 Bg7 15. d4
e4 16. Nd2 Bd5 17. a4 O-O 18. b5 axb5 19. axb5 Ne7 20. Bb4 Qd7 21. Qc2 Ra2 22.
Qc3 Re8 23. Nxe4 Bf7 24. Bxe7 Rxe7 25. Nd2 f5 26. Bc4 Bxd4 27. Bxf7+ Kf8 28.
Bxa2 Bxc3 29. Rxc3 Qxb5 30. Nc4 Qa4 31. Ra3 Qb4+ 32. Ke2 b5 33. Rb1 Qc5 34.
Ra8+ Kg7 35. Nd2 f4 36. Rg8+ Kh6 37. e4 Qh5+ 38. Nf3 Rxe4+ 39. Kf1 b4 40. Rd8
Qb5+ 41. Kg1 Re2 42. Bb3 Qb6 43. Rd4 c5 44. Rc4 Qa7 45. Rbc1 Qa3 46. Bd1 Ra2
47. Rb1 Ra1 48. Nd2 Rxb1 49. Nxb1 Qa2 50. Rc1 Qb2 0-1

[Event "18. Open de Sants Hostafrancs 2016"]
[Site "Barcelona ESP"]
[Date "2016.08.19"]
[Round "1.49"]
[White "Segarra Calderer, Albert"]
[Black "Ochsner, Bjorn Moller"]
[Result "0-1"]
[WhiteElo "2060"]
[BlackElo "2417"]
[PlyCount "92"]
[EventDate "2016.08.19"]
[EventType "swiss"]
[EventRounds "10"]
[EventCountry "ESP"]
[SourceTitle "Ajedrez en Madrid"]
[Source "lmi"]
[SourceDate "2016.08.19"]

1. c4 g6 2. Nc3 Bg7 3. g3 c5 4. Bg2 Nc6 5. Nf3 e6 6. O-O Nge7 7. e4 O-O 8. d3
d5 9. exd5 exd5 10. cxd5 Nxd5 11. Nxd5 Qxd5 12. Ng5 Qd7 13. Ne4 b6 14. Bh6 Bb7
15. Bxg7 Kxg7 16. Qf3 f6 17. Nc3 Rad8 18. Rfe1 Rf7 19. Rad1 Ne5 20. Qxb7 Qxb7
21. Bxb7 Rxb7 22. Re3 Rbd7 23. Rde1 Rxd3 24. Kg2 Rxe3 25. Rxe3 Rd2 26. Re2 Rxe2
27. Nxe2 Kf7 28. f4 Nc4 29. b3 Nd6 30. Kf3 Ke6 31. Nc3 b5 32. g4 b4 33. Ne2 Kd5
34. Ke3 a5 35. h4 c4 36. Nd4 h5 37. g5 fxg5 38. fxg5 c3 39. Kd3 Nf5 40. Nf3 Kc5
41. a3 Kd5 42. axb4 axb4 43. Ne1 Nxh4 44. Nc2 Kc5 45. Nd4 Ng2 46. Ne6+ Kd6 0-1

[Event "18. Open de Sants Hostafrancs 2016"]
[Site "Barcelona ESP"]
[Date "2016.08.19"]
[Round "1.50"]
[White "Stella, Andrea"]
[Black "Arus Blanch, Daniel"]
[Result "1-0"]
[WhiteElo "2415"]
[BlackElo "2060"]
[PlyCount "115"]
[EventDate "2016.08.19"]
[EventType "swiss"]
[EventRounds "10"]
[EventCountry "ESP"]
[SourceTitle "Ajedrez en Madrid"]
[Source "lmi"]
[SourceDate "2016.08.19"]

1. d4 Nf6 2. c4 e6 3. Nc3 Bb4 4. e3 b6 5. Nge2 Bb7 6. a3 Bxc3+ 7. Nxc3 O-O 8.
Bd3 d5 9. cxd5 exd5 10. b4 Nbd7 11. Qb3 Re8 12. O-O c6 13. a4 Ne4 14. Nxe4 dxe4
15. Bc4 Qe7 16. b5 c5 17. Ba3 Rac8 18. a5 Red8 19. axb6 axb6 20. Rfd1 Qf6 21.
Bb2 cxd4 22. Bxd4 Qe7 23. h3 Rc7 24. Bd5 Bxd5 25. Qxd5 Nf8 26. Qf5 Rb7 27. Qg4
f6 28. Ra6 Qd7 29. Qxe4 Ne6 30. Rda1 Nxd4 31. exd4 f5 32. Qc6 Rc7 33. Qxb6 Rb7
34. Qe6+ Qxe6 35. Rxe6 Rxd4 36. Rb1 Kf7 37. Re5 Kf6 38. Rc5 Rd6 39. Rb3 g6 40.
g3 Rbb6 41. Kg2 Ke6 42. Kf3 h6 43. h4 Kf6 44. Rbc3 Re6 45. Re3 Red6 46. h5 g5
47. Ree5 Rd3+ 48. Ke2 Rb3 49. Rxf5+ Ke6 50. Rce5+ Kd6 51. Kf1 Rb2 52. Kg2 Rb3
53. g4 Rb2 54. Rd5+ Ke6 55. Rc5 Kd6 56. Kg3 Ke6 57. Rce5+ Kd6 58. Rf6+ 1-0